Evaluación de impacto ambiental del tramo de construcción de carretera empalme Mayales-Puerto Díaz, longitud 10.7 km, municipio de Juigalpa, periodo 2021

CONSTRUCCION DE CARRETARAS 2. ESTUDIO DE IMPACTO AMBIENTAL 3. PLANIFICACION ESTRATEGICA AMBIENTAL. I. Sandino Lumbi, Hassen Xavier, coaut. II. Tít. La preservación del ambiente y los recursos naturales, representa en la actualidad un aspecto sumamente importante dentro de cualquier área en el q...

Full description

Bibliographic Details
Main Authors: Calero Dávila, Aldo Bismarck, Sandino Lumbi, Hassen Xavier
Other Authors: Tutor: Baltodano José Ángel
Format: Tesis Section = Libro
Language:Undetermined
Spanish
Published: Managua UNI/RUACS 2020
Subjects:
LEADER 02011nam a2200253Ia 4500
008 240830s9999 xx 000 0 und d
040 |a BIBLIOTECA-RUPAP Mon 625.7 C149 
041 |a spa 
082 |a Mon 625.7 C149 
100 1 |a Calero Dávila, Aldo Bismarck 
100 1 |b Sandino Lumbi, Hassen Xavier 
245 1 0 |a Evaluación de impacto ambiental del tramo de construcción de carretera empalme Mayales-Puerto Díaz, longitud 10.7 km, municipio de Juigalpa, periodo 2021 
260 |a Managua  |b UNI/RUACS  |c 2020 
300 |a 88 p. :il. 
500 |a Contiene: anexos y CD 
502 |a Tesis (Ingeniero Civil)- UNI, 2020. 
520 3 |a CONSTRUCCION DE CARRETARAS 2. ESTUDIO DE IMPACTO AMBIENTAL 3. PLANIFICACION ESTRATEGICA AMBIENTAL. I. Sandino Lumbi, Hassen Xavier, coaut. II. Tít. La preservación del ambiente y los recursos naturales, representa en la actualidad un aspecto sumamente importante dentro de cualquier área en el que le considere, pero más aún, cuando se debe ejecutar un proyecto dónde predomina la flora y la fauna, definiendo medidas de prevención y mitigación que garanticen la viabilidad del proyecto y el desarrollo sostenible , identifica los componentes físicos naturales, bióticos y socioeconómicos del área de influencia del tramo de construcción; así como los impactos, las medidas y los programas de manejo ambiental-social, realiza el plan gestión ambiental (PGAS) especifico del proyecto, de utilidad para el monitoreo, supervisión, control y/o seguimiento ambiental y social durante la ejecución de la obra, operación y mantenimiento, consolida el plan estratégico de gestión ambiental que mitigue las afectaciones que podrían dañar la flora y fauna y demás recursos existentes en la zona. 
650 7 |a CONSTRUCCION DE CARRETARAS 
650 7 |b ESTUDIO DE IMPACTO AMBIENTAL 
650 7 |c PLANIFICACION ESTRATEGICA AMBIENTAL 
700 1 |a Tutor:  |b Baltodano José Ángel 
942 |c BK  |2 ddc 
991 |a TESIS 
999 |c 15963